|
|
|
|
| LEADER |
01705cam a2200337 i 4500 |
| 001 |
375929 |
| 003 |
GR-PaULI |
| 005 |
20211004095201.0 |
| 008 |
781019s1979 nyua b 101 0 eng |
| 952 |
|
|
|0 0
|1 0
|2 ddc
|3 τ.1
|4 0
|6 Π_Σ_572_870000000000000_NAT
|7 0
|9 232739
|a LISP
|b LISP
|c REF
|d 2019-06-06
|i 07579
|l 0
|o Π/Σ 572.87 NAT
|p 025000113656
|r 2019-06-06 00:00:00
|t 1
|v 2019.00
|w 2019-06-06
|y BKN
|
| 952 |
|
|
|0 0
|1 0
|2 ddc
|3 τ.2
|4 0
|6 Π_Σ_572_870000000000000_NAT
|7 0
|9 232740
|a LISP
|b LISP
|c REF
|d 2019-06-06
|i 07580
|l 0
|o Π/Σ 572.87 NAT
|p 025000113655
|r 2019-06-06 00:00:00
|t 1
|v 2019.00
|w 2019-06-06
|y BKN
|
| 999 |
|
|
|c 141315
|d 141315
|
| 010 |
|
|
|a 78024268
|
| 020 |
|
|
|a 0306400758
|q (τ.1)
|
| 020 |
|
|
|a 0306400766
|q (τ.2)
|
| 040 |
|
|
|a DLC
|c GR-PaULI
|d
|b gre
|e AACR2
|
| 082 |
0 |
0 |
|a 572.87
|2 23
|
| 111 |
|
|
|a NATO Advanced Study Institute
|d (1978 :
|c Erice, Italy)
|9 176001
|
| 245 |
1 |
0 |
|a Chromatin structure and function /
|c edited by Claudio A. Nicolini.
|
| 260 |
|
|
|a New York :
|b Plenum Press,
|c c1979.
|
| 300 |
|
|
|a 2 τ. (xix, 880 σ.) :
|b εικ. ;
|c 26 εκ.
|
| 490 |
1 |
|
|a NATO ASI series. Series A, Life Sciences
|v 21.
|
| 500 |
|
|
|a τ. 1. - xix, 367 σ. -- τ. 2. - xix, (371-880) σ.
|
| 504 |
|
|
|a Περιλαμβάνει βιβλιογραφικές παραπομπές και ευρετήριο.
|
| 505 |
0 |
|
|a τ. 1. Molecular and cellular biophysical methods.- - τ. 2. Levels of organization and cell function.
|
| 650 |
|
4 |
|a Χρωματίνη
|x Γονίδια
|9 176002
|
| 650 |
|
4 |
|a Καρκινογένεση
|9 60779
|
| 700 |
1 |
|
|a Nicolini, Claudio A.
|9 162729
|e επιμελητής.
|
| 830 |
|
|
|a NATO ASI series.
|n Series A.
|p Life Sciences
|v 21.
|9 162711
|
| 942 |
|
|
|2 ddc
|c BKN
|
| 998 |
|
|
|c ΜΠΟΥΡΑΣ
|d 2019-06
|